| 000 | 01009cab a2200301 4500 | ||
|---|---|---|---|
| 001 | ABS47428 | ||
| 008 | 090401t1992 xxu||||| |||| 00| 0 eng d | ||
| 035 | _a(Sirsi) u61905 | ||
| 041 | _aeng | ||
| 245 | _aCentrefolio: the North West | ||
| 260 | _c1992 | ||
| 350 | _a0 | ||
| 490 |
_aCSW - The Property Week _v41(5) 29 October 1992, 61-91(12) |
||
| 520 | _aReviews the retail, office and industrial market in Manchester and Liverpool. Discusses regional planning and transport policy. Occupier profiles feature Peter Rickson & Partners, Hewletts, Force Hydraulics. Road Test profiles City Park in Manchester. | ||
| 650 | _aGREATER MANCHESTER | ||
| 650 | _aINDUSTRIAL | ||
| 650 | _aLIVERPOOL | ||
| 650 | _aMANCHESTER | ||
| 650 | _aMERSEYSIDE | ||
| 650 | _aOCCUPIER PROFILES | ||
| 650 | _aOFFICE | ||
| 650 | _aPLANNING POLICY | ||
| 650 | _aRETAIL | ||
| 650 | _aTRANSPORT POLICY | ||
| 690 | _aPROPERTY-COMMERCIAL PROPERTY-COMMERCIAL PROPERTY MARKET | ||
| 942 | _n0 | ||
| 948 | _c04/03/1997 | ||
| 999 |
_c38402 _d38402 |
||